[Event "PAR-ch U20"]
[Site "Asuncion"]
[Date "2023.06.03"]
[Round "4"]
[White "Cespedes Alonso, Walter Fabian"]
[Black "Schmidt Portillo, John Alexander"]
[Result "1-0"]
[WhiteElo "1622"]
[BlackElo "1197"]
[PlyCount "71"]
[EventDate "2023.06.02"]
[EventType "swiss"]
[EventRounds "7"]
[EventCountry "PAR"]
[SourceTitle "CBM 214 Extra"]
[Source "ChessBase"]
[SourceDate "2023.07.31"]
[SourceVersion "1"]
[SourceVersionDate "2023.07.31"]
[SourceQuality "1"]

1. Nf3 d5 2. e3 Bg4 3. h3 Bh5 4. d4 Nd7 5. Be2 e6 6. b3 Ngf6 7. 0-0 Bd6 8. Bb2 c6 9. c4 Bb8 10. Nbd2 Qc7 11. Ne5 Nxe5 12. dxe5 Bxe2 13. Qxe2 0-0 14. f4 Nd7 15. Rac1 Qd8 16. e4 dxc4 17. Nxc4 Nb6 18. Ne3 Bc7 19. Rcd1 Qe7 20. f5 exf5 21. Nxf5 Qc5+ 22. Bd4 Qb5 23. Qg4 Bxe5 24. Bxe5 Qxe5 25. Nh6+ Kh8 26. Nxf7+ Rxf7 27. Rxf7 Qc5+ 28. Kh1 Qe5 29. Rdf1 Rg8 30. Rf8 Qd6 31. Qf3 Nd7 32. Rxg8+ Kxg8 33. Qf7+ Kh8 34. Qe8+ Nf8 35. Qxf8+ Qxf8 36. Rxf8# 1-0

[Event "PAR-ch U20"]
[Site "Asuncion"]
[Date "2023.06.02"]
[Round "1"]
[White "Melian, Juan Sebastian"]
[Black "Cespedes Alonso, Walter Fabian"]
[Result "1-0"]
[WhiteElo "2282"]
[BlackElo "1622"]
[PlyCount "79"]
[EventDate "2023.06.02"]
[EventType "swiss"]
[EventRounds "7"]
[EventCountry "PAR"]
[SourceTitle "CBM 214 Extra"]
[Source "ChessBase"]
[SourceDate "2023.07.31"]
[SourceVersion "1"]
[SourceVersionDate "2023.07.31"]
[SourceQuality "1"]

1. d4 Nf6 2. Bg5 Ne4 3. Bf4 d5 4. f3 Nf6 5. Nc3 e6 6. e3 Be7 7. Nb5 Na6 8. a4 0-0 9. c3 c6 10. Na3 Nc7 11. Bd3 b6 12. g4 Nd7 13. Ne2 c5 14. 0-0 f6 15. Qc2 h6 16. Bxc7 Qxc7 17. Nf4 Nb8 18. Nb5 Qd8 19. Bh7+ Kh8 20. Ng6+ Kxh7 21. Nxf8+ Kg8 22. Ng6 a6 23. Nxe7+ Qxe7 24. Na3 Nc6 25. Rae1 Qd6 26. Qg2 e5 27. Nc2 Be6 28. f4 cxd4 29. cxd4 e4 30. Rc1 Na5 31. Na3 Qb4 32. g5 Kh8 33. Kh1 Qxa4 34. gxf6 Rg8 35. Rg1 Qd7 36. Qg6 Nc4 37. fxg7+ Rxg7 38. Qxh6+ Kg8 39. Rxg7+ Qxg7 40. Qxe6+ 1-0

[Event "Asuncion zt 2.5"]
[Site "Asuncion"]
[Date "2023.03.11"]
[Round "9"]
[White "Cespedes Alonso, Walter Fabian"]
[Black "Navarro Canete, Facundo Javier"]
[Result "1/2-1/2"]
[WhiteElo "1531"]
[BlackElo "1224"]
[PlyCount "34"]
[EventDate "2023.03.05"]
[EventType "swiss"]
[EventRounds "9"]
[EventCountry "PAR"]
[SourceTitle "CBM 213 Extra"]
[Source "ChessBase"]
[SourceDate "2023.05.31"]
[SourceVersion "1"]
[SourceVersionDate "2023.05.31"]
[SourceQuality "1"]

1. e4 c5 2. Nf3 Nc6 3. c3 g6 4. d4 cxd4 5. cxd4 d5 6. e5 Bg4 7. Be2 Bg7 8. 0-0 e6 9. Nc3 a6 10. Be3 Nh6 11. Rc1 Bxf3 12. Bxf3 Nf5 13. Qd2 0-0 14. Rfd1 f6 15. exf6 Qxf6 16. Ne2 Rae8 17. b4 Rc8 1/2-1/2

[Event "Asuncion zt 2.5"]
[Site "Asuncion"]
[Date "2023.03.08"]
[Round "5"]
[White "Vinales Gonzalez, Enzo Mathias"]
[Black "Cespedes Alonso, Walter Fabian"]
[Result "1-0"]
[WhiteElo "1613"]
[BlackElo "1531"]
[PlyCount "31"]
[EventDate "2023.03.05"]
[EventType "swiss"]
[EventRounds "9"]
[EventCountry "PAR"]
[SourceTitle "CBM 213 Extra"]
[Source "ChessBase"]
[SourceDate "2023.05.31"]
[SourceVersion "1"]
[SourceVersionDate "2023.05.31"]
[SourceQuality "1"]

1. e4 c5 2. Nf3 Nc6 3. d4 cxd4 4. Nxd4 e5 5. Nb5 d6 6. N1c3 a6 7. Na3 Be7 8. Nd5 Nf6 9. f3 Be6 10. c4 Nd4 11. Be3 Bxd5 12. cxd5 Qa5+ 13. Qd2 Qa4 14. Bxd4 exd4 15. Nc4 Rd8 16. Nb6 1-0

[Event "Asuncion zt 2.5"]
[Site "Asuncion"]
[Date "2023.03.07"]
[Round "4"]
[White "Cespedes Alonso, Walter Fabian"]
[Black "Beckerman, Marcelo"]
[Result "0-1"]
[WhiteElo "1531"]
[BlackElo "1938"]
[PlyCount "110"]
[EventDate "2023.03.05"]
[EventType "swiss"]
[EventRounds "9"]
[EventCountry "PAR"]
[SourceTitle "CBM 213 Extra"]
[Source "ChessBase"]
[SourceDate "2023.05.31"]
[SourceVersion "1"]
[SourceVersionDate "2023.05.31"]
[SourceQuality "1"]

1. e4 d6 2. d4 Nf6 3. Nc3 Nbd7 4. f4 e5 5. Nf3 c6 6. fxe5 dxe5 7. dxe5 Ng4 8. e6 fxe6 9. Ng5 Nde5 10. Qxd8+ Kxd8 11. h3 Nh6 12. Be3 Be7 13. 0-0-0+ Ke8 14. Kb1 Nhf7 15. Nxf7 Kxf7 16. Be2 Rd8 17. Rhf1+ Kg8 18. Rxd8+ Bxd8 19. Bc5 Bf6 20. Nd1 Bd7 21. Ne3 b6 22. Bd6 Nf7 23. Bg3 c5 24. Ng4 Be7 25. Ne5 Be8 26. Bc4 Nd8 27. Be2 b5 28. c3 a5 29. Nd3 b4 30. c4 a4 31. Bf2 Rc8 32. Rd1 Bg6 33. Bf3 b3 34. a3 Bd6 35. Nxc5 Bxc5 36. Bxc5 Rxc5 37. Rxd8+ Kf7 38. Rd4 Kf6 39. Be2 Ke5 40. Rd7 Bxe4+ 41. Kc1 g5 42. g3 Bd5 43. Rg7 h6 44. Rf7 Bxc4 45. Bxc4 Rxc4+ 46. Kb1 Re4 47. Kc1 Re3 48. Rh7 Rxg3 49. Rxh6 Rg2 50. Rg6 Kf5 51. Rg8 Rc2+ 52. Kb1 Rh2 53. Kc1 Rxh3 54. Rf8+ Ke4 55. Ra8 Ke3 0-1

[Event "Ita op 1st"]
[Site "Ita"]
[Date "2022.02.13"]
[Round "7"]
[White "Cespedes Alonso, Walter Fabian"]
[Black "Rejala Gomez, Ruben Ignacio"]
[Result "1-0"]
[WhiteElo "1621"]
[BlackElo "1303"]
[PlyCount "25"]
[EventDate "2022.02.11"]
[EventType "swiss"]
[EventRounds "7"]
[EventCountry "PAR"]
[SourceTitle "EXT 2023"]
[Source "ChessBase"]
[SourceDate "2022.10.05"]
[SourceVersion "1"]
[SourceVersionDate "2022.10.05"]
[SourceQuality "1"]

1. e4 e5 2. Nf3 Nc6 3. d4 exd4 4. Bc4 Bc5 5. c3 Na5 6. Bxf7+ Kxf7 7. b4 Bb6 8. bxa5 Bxa5 9. Qb3+ Ke8 10. Bg5 Ne7 11. Qb5 c6 12. Qe5 Bc7 13. Bxe7 1-0